000 00968cam a22003257a 4500
003 CHAP
005 20220817043120.0
008 971013s1986 r 00010 d
010 _a66148
011 _a67120
035 _a76589
040 _cCHAP
082 _a636.9
_bF32
110 _aFAO
245 1 4 _aThe rabbit
_b: husbandry, health and production
260 _aRome :
_bFAO,
_c1986
300 _a235 p.
_b: ilus. ; gráfs.
490 0 _aFAO. Producción y sanidad animal
_v; 21
590 _aBATCH-UPD
_b10
_c20130110
_lUCH01
_h1540
590 _aBATCH-UPD
_b10
_c20130410
_lUCH01
_h0943
590 _aBATCH-UPD
_b10
_c20130914
_lUCH01
_h1028
590 _aCONVERSION
_b10
_c20130109
_lUCH01
_h1336
650 1 4 _aConejos.
_926352
650 1 4 _aCunicultura.
_930449
700 0 _aLebas, F.
_965341
830 0 _aFAO. Producción y sanidad animal
_v; 21
_939655
901 _aBK
942 _cLIBRO
949 _a636.9 F32
_bBC
_cFAO
_d-29444
_eFAO1
_h71653
_i76589
_si
999 _c66148
_d66148